000 00494nam a2200181Ia 4500
003 GCL
008 140319s9999 xx 000 0 eng d
040 _aGCL /
_cGCL
082 0 4 _aCC
_b892.76
_bT H
100 1 _aTOMICKE, NADA
245 1 0 _aHISTOIRE DE LA LITERATURE ROMANESQUE DE L'EGYPTE MODERNE /
_cTOMICKE, NADA
260 _a[S.N] :
_bMAISONNEUVE ET LAROSE ،
_c1981
300 _a254 P
650 0 4 _aLITERATURE
650 0 4 _aARABIC LITERATURE
650 0 4 _aFICTION
942 _2ddc
_cBK
999 _c20318
_d20318